[Event "Weekender - Championship"]
[Site "Enniscrone, Co Slogo, IE"]
[Date "2026.02.01"]
[Round "4"]
[White "Sloan, Cecil"]
[Black "Grant, Cian"]
[Result "1/2-1/2"]
[Board "16"]
[WhiteFideId "2036738"]
[BlackFideId "2516837"]
[WhiteElo "1615"]
[BlackElo "1686"]
[WhiteTeam "USA"]
[BlackTeam "IRL"]
[WhiteClock "0:03:28"]
[BlackClock "0:13:19"]
[Variant "Standard"]

1. e4 {[%clk 1:30:55]}  c6 {[%clk 1:30:57]} 2. d4 {[%clk 1:31:16]}  d5 {[%clk 1:31:25]} 3. exd5 {[%clk 1:31:38]}  cxd5 {[%clk 1:31:51]} 4. Bd3 {[%clk 1:31:50]}  Nc6 {[%clk 1:32:14]} 5. c3 {[%clk 1:32:13]}  Nf6 {[%clk 1:32:36]} 6. Bf4 {[%clk 1:32:33]}  e6 {[%clk 1:32:03]} 7. Nf3 {[%clk 1:32:19]}  Be7 {[%clk 1:31:46]} 8. O-O {[%clk 1:32:16]}  O-O {[%clk 1:32:02]} 9. Nbd2 {[%clk 1:32:31]}  a6 {[%clk 1:28:26]} 10. Qe2 {[%clk 1:30:46]}  Re8 {[%clk 1:25:47]} 11. Ne5 {[%clk 1:29:29]}  Nd7 {[%clk 1:20:49]} 12. Bxh7+ {[%clk 1:26:55]}  Kf8 {[%clk 1:16:42]} 13. Nxf7 {[%clk 1:19:27]}  Kxf7 {[%clk 1:14:52]} 14. Qh5+ {[%clk 1:18:06]}  Kf8 {[%clk 1:14:52]} 15. Bg6 {[%clk 1:16:37]}  Nf6 {[%clk 1:14:58]} 16. Qh8+ {[%clk 1:15:43]}  Ng8 {[%clk 1:15:11]} 17. Nf3 {[%clk 1:00:20]}  Bf6 {[%clk 1:09:55]} 18. Ne5 {[%clk 0:58:45]}  Bxe5 {[%clk 1:07:46]} 19. dxe5 {[%clk 0:51:29]}  Bd7 {[%clk 0:59:56]} 20. Rae1 {[%clk 0:49:05]}  Nce7 {[%clk 0:54:46]} 21. Bxe8 {[%clk 0:46:44]}  Qxe8 {[%clk 0:53:57]} 22. Qh3 {[%clk 0:42:55]}  Qf7 {[%clk 0:49:29]} 23. Re3 {[%clk 0:38:56]}  Ke8 {[%clk 0:45:28]} 24. Rf3 {[%clk 0:37:14]}  Bb5 {[%clk 0:39:33]} 25. Re1 {[%clk 0:35:45]}  Kd7 {[%clk 0:37:30]} 26. Be3 {[%clk 0:32:34]}  Nf5 {[%clk 0:36:32]} 27. Qg4 {[%clk 0:28:10]}  Ngh6 {[%clk 0:32:16]} 28. Qb4 {[%clk 0:24:56]}  Rg8 {[%clk 0:28:34]} 29. a4 {[%clk 0:12:49]}  Bc6 {[%clk 0:27:39]} 30. Rd1 {[%clk 0:09:44]}  Qh5 {[%clk 0:23:07]} 31. Re1 {[%clk 0:04:38]}  g5 {[%clk 0:21:01]} 32. Rh3 {[%clk 0:04:00]}  Qg6 {[%clk 0:21:05]} 33. g4 {[%clk 0:04:00]}  Nh4 {[%clk 0:18:44]} 34. Qd6+ {[%clk 0:04:15]}  Ke8 {[%clk 0:16:47]} 35. Bc5 {[%clk 0:03:19]}  Qf7 {[%clk 0:16:53]} 36. Qb8+ {[%clk 0:03:17]}  Kd7 {[%clk 0:17:13]} 37. Qd6+ {[%clk 0:03:28]}  Ke8 {[%clk 0:16:38]} 38. Qb8+ {[%clk 0:03:05]}  Kd7 {[%clk 0:16:58]} 39. Qd6+ {[%clk 0:03:28]}  Ke8 {[%clk 0:13:19]} 1/2-1/2

[Event "Weekender - Championship"]
[Site "Enniscrone, Co Slogo, IE"]
[Date "2026.02.01"]
[Round "5"]
[White "White, George"]
[Black "Schwab, Lysander"]
[Result "0-1"]
[Board "1"]
[WhiteFideId "2520354"]
[BlackFideId "34618619"]
[WhiteElo "1738"]
[BlackElo "1687"]
[WhiteTeam "IRL"]
[BlackTeam "GER"]
[WhiteClock "0:55:06"]
[BlackClock "0:45:34"]
[Variant "Standard"]

1. e4 {[%clk 1:30:58]}  c5 {[%clk 1:30:51]} 2. Nf3 {[%clk 1:31:24]}  d6 {[%clk 1:31:12]} 3. d4 {[%clk 1:31:50]}  cxd4 {[%clk 1:31:35]} 4. Nxd4 {[%clk 1:32:17]}  Nf6 {[%clk 1:31:51]} 5. Nc3 {[%clk 1:32:46]}  g6 {[%clk 1:32:09]} 6. Be3 {[%clk 1:33:12]}  Bg7 {[%clk 1:32:31]} 7. f3 {[%clk 1:33:37]}  Nc6 {[%clk 1:32:50]} 8. Qd2 {[%clk 1:34:03]}  O-O {[%clk 1:33:06]} 9. O-O-O {[%clk 1:34:28]}  d5 {[%clk 1:32:46]} 10. exd5 {[%clk 1:34:53]}  Nxd5 {[%clk 1:33:09]} 11. Nxc6 {[%clk 1:35:18]}  bxc6 {[%clk 1:33:34]} 12. Bd4 {[%clk 1:35:42]}  Be6 {[%clk 1:23:25]} 13. Bxg7 {[%clk 1:34:11]}  Kxg7 {[%clk 1:23:42]} 14. h4 {[%clk 1:34:33]}  Qa5 {[%clk 1:19:55]} 15. Nxd5 {[%clk 1:29:13]}  Qxd2+ {[%clk 1:19:52]} 16. Rxd2 {[%clk 1:29:40]}  Bxd5 {[%clk 1:19:45]} 17. Bd3 {[%clk 1:28:34]}  h5 {[%clk 1:18:10]} 18. b3 {[%clk 1:28:32]}  Rfd8 {[%clk 1:16:52]} 19. Re1 {[%clk 1:28:39]}  Rd7 {[%clk 1:17:01]} 20. Be4 {[%clk 1:26:16]}  Rad8 {[%clk 1:16:30]} 21. Red1 {[%clk 1:25:40]}  f5 {[%clk 1:15:11]} 22. Bxd5 {[%clk 1:23:00]}  Rxd5 {[%clk 1:14:05]} 23. c4 {[%clk 1:23:02]}  Rxd2 {[%clk 1:12:30]} 24. Rxd2 {[%clk 1:22:42]}  Rxd2 {[%clk 1:12:32]} 25. Kxd2 {[%clk 1:23:38]}  c5 {[%clk 1:05:53]} 26. a3 {[%clk 1:18:45]}  a5 {[%clk 1:05:28]} 27. Kc3 {[%clk 1:16:48]}  e5 {[%clk 0:49:01]} 28. b4 {[%clk 1:16:45]}  cxb4+ {[%clk 0:48:56]} 29. axb4 {[%clk 1:17:06]}  axb4+ {[%clk 0:49:19]} 30. Kxb4 {[%clk 1:17:28]}  Kf7 {[%clk 0:49:29]} 31. c5 {[%clk 1:16:49]}  Ke7 {[%clk 0:48:29]} 32. Kc4 {[%clk 1:15:10]}  Ke6 {[%clk 0:48:16]} 33. g3 {[%clk 1:15:31]}  f4 {[%clk 0:44:48]} 34. gxf4 {[%clk 1:08:55]}  exf4 {[%clk 0:44:44]} 35. Kd3 {[%clk 1:08:00]}  Kd5 {[%clk 0:42:40]} 36. c6 {[%clk 1:08:14]}  Kxc6 {[%clk 0:43:07]} 37. Ke4 {[%clk 1:07:39]}  Kd6 {[%clk 0:43:32]} 38. Kxf4 {[%clk 1:06:11]}  Ke6 {[%clk 0:43:51]} 39. Kg5 {[%clk 1:03:35]}  Kf7 {[%clk 0:44:03]} 40. Kh6 {[%clk 1:03:39]}  Kf6 {[%clk 0:44:21]} 41. f4 {[%clk 1:02:32]}  Kf5 {[%clk 0:44:21]} 42. Kg7 {[%clk 0:53:59]}  Kxf4 {[%clk 0:44:32]} 43. Kf6 {[%clk 0:54:14]}  Kg4 {[%clk 0:44:50]} 44. Kxg6 {[%clk 0:54:38]}  Kxh4 {[%clk 0:45:13]} 45. Kf5 {[%clk 0:55:06]}  Kg3 {[%clk 0:45:34]} 0-1

[Event "Weekender - Championship"]
[Site "Enniscrone, Co Slogo, IE"]
[Date "2026.02.01"]
[Round "5"]
[White "Marshall, Roy"]
[Black "O`Flaherty, Paul"]
[Result "0-1"]
[Board "3"]
[WhiteFideId "2519178"]
[BlackFideId "2502291"]
[WhiteElo "1746"]
[BlackElo "1707"]
[WhiteTeam "IRL"]
[BlackTeam "IRL"]
[WhiteClock "0:00:34"]
[BlackClock "0:01:46"]
[Variant "Standard"]

1. c4 {[%clk 1:30:58]}  e5 {[%clk 1:30:53]} 2. g3 {[%clk 1:31:20]}  Nf6 {[%clk 1:31:18]} 3. Bg2 {[%clk 1:31:45]}  Nc6 {[%clk 1:31:30]} 4. Nc3 {[%clk 1:32:08]}  Bb4 {[%clk 1:31:46]} 5. Nd5 {[%clk 1:32:30]}  Bc5 {[%clk 1:29:48]} 6. e3 {[%clk 1:32:35]}  d6 {[%clk 1:29:16]} 7. Ne2 {[%clk 1:32:47]}  O-O {[%clk 1:21:33]} 8. d4 {[%clk 1:32:15]}  Bb6 {[%clk 1:21:29]} 9. O-O {[%clk 1:31:18]}  Nxd5 {[%clk 1:12:02]} 10. cxd5 {[%clk 1:31:26]}  Ne7 {[%clk 1:12:54]} 11. b4 {[%clk 1:30:01]}  Bg4 {[%clk 1:12:18]} 12. dxe5 {[%clk 1:30:08]}  dxe5 {[%clk 1:12:37]} 13. e4 {[%clk 1:30:14]}  Bd4 {[%clk 1:10:48]} 14. Rb1 {[%clk 1:30:11]}  f5 {[%clk 1:01:36]} 15. Bb2 {[%clk 1:24:28]}  fxe4 {[%clk 0:36:00]} 16. Bxd4 {[%clk 1:23:10]}  exd4 {[%clk 0:36:10]} 17. Bxe4 {[%clk 1:23:04]}  Nxd5 {[%clk 0:31:04]} 18. Qxd4 {[%clk 1:21:24]}  Be6 {[%clk 0:29:15]} 19. a3 {[%clk 1:19:21]}  c6 {[%clk 0:25:18]} 20. Rbd1 {[%clk 1:16:12]}  Qf6 {[%clk 0:22:38]} 21. Qd3 {[%clk 1:06:20]}  g6 {[%clk 0:19:14]} 22. Bg2 {[%clk 0:56:53]}  Rad8 {[%clk 0:18:51]} 23. Qd4 {[%clk 0:55:25]}  Qf7 {[%clk 0:16:44]} 24. Rd2 {[%clk 0:48:48]}  Nb6 {[%clk 0:09:11]} 25. Qxd8 {[%clk 0:48:05]}  Rxd8 {[%clk 0:09:27]} 26. Rxd8+ {[%clk 0:48:28]}  Kg7 {[%clk 0:09:47]} 27. Nf4 {[%clk 0:46:50]}  Bc4 {[%clk 0:09:41]} 28. Re1 {[%clk 0:46:29]}  Nd5 {[%clk 0:05:03]} 29. Nxd5 {[%clk 0:43:52]}  cxd5 {[%clk 0:05:29]} 30. Rde8 {[%clk 0:43:25]}  Qf6 {[%clk 0:03:50]} 31. R8e7+ {[%clk 0:41:22]}  Kh6 {[%clk 0:04:19]} 32. Bf1 {[%clk 0:38:31]}  Bxf1 {[%clk 0:03:31]} 33. Kxf1 {[%clk 0:38:56]}  d4 {[%clk 0:03:39]} 34. Rd7 {[%clk 0:33:03]}  Qf3 {[%clk 0:03:03]} 35. Rxd4 {[%clk 0:29:48]}  Qxa3 {[%clk 0:03:32]} 36. Rh4+ {[%clk 0:23:04]}  Kg5 {[%clk 0:03:45]} 37. Ree4 {[%clk 0:21:09]}  Qd3+ {[%clk 0:03:44]} 38. Kg2 {[%clk 0:21:07]}  h5 {[%clk 0:03:51]} 39. Rd4 {[%clk 0:20:17]}  Qc2 {[%clk 0:03:50]} 40. Rhe4 {[%clk 0:17:56]}  Kf5 {[%clk 0:03:49]} 41. Rf4+ {[%clk 0:17:35]}  Ke5 {[%clk 0:03:26]} 42. Rc4 {[%clk 0:16:40]}  Qd1 {[%clk 0:03:06]} 43. Rc5+ {[%clk 0:15:25]}  Ke6 {[%clk 0:03:10]} 44. h3 {[%clk 0:10:16]}  Qd3 {[%clk 0:03:11]} 45. Rfc4 {[%clk 0:10:00]}  a6 {[%clk 0:03:03]} 46. h4 {[%clk 0:06:57]}  Kd6 {[%clk 0:02:18]} 47. Rf4 {[%clk 0:06:41]}  Ke6 {[%clk 0:02:31]} 48. Kh2 {[%clk 0:04:34]}  Qd2 {[%clk 0:01:53]} 49. Rc7 {[%clk 0:04:54]}  Qd5 {[%clk 0:01:54]} 50. Rg7 {[%clk 0:04:46]}  Qd3 {[%clk 0:02:02]} 51. Rxb7 {[%clk 0:04:57]}  Ke5 {[%clk 0:02:14]} 52. Rb6 {[%clk 0:03:56]}  Kd5 {[%clk 0:01:06]} 53. Rff6 {[%clk 0:04:03]}  Qe2 {[%clk 0:00:59]} 54. Rxa6 {[%clk 0:03:07]}  g5 {[%clk 0:01:27]} 55. Ra5+ {[%clk 0:02:45]}  Kc4 {[%clk 0:01:55]} 56. Rxg5 {[%clk 0:02:33]}  Kxb4 {[%clk 0:02:24]} 57. Rff5 {[%clk 0:02:45]}  Kc4 {[%clk 0:02:23]} 58. Rxh5 {[%clk 0:03:10]}  Kd4 {[%clk 0:02:10]} 59. Rd5+ {[%clk 0:03:22]}  Kc4 {[%clk 0:02:34]} 60. Rhf5 {[%clk 0:03:38]}  Kc3 {[%clk 0:02:25]} 61. Rf4 {[%clk 0:01:55]}  Qe6 {[%clk 0:02:23]} 62. Rdf5 {[%clk 0:02:03]}  Kd3 {[%clk 0:02:38]} 63. Rf3+ {[%clk 0:01:12]}  Kd2 {[%clk 0:03:04]} 64. R5f4 {[%clk 0:00:50]}  Qd5 {[%clk 0:02:48]} 65. Rf5 {[%clk 0:00:49]}  Qc6 {[%clk 0:03:06]} 66. h5 {[%clk 0:00:53]}  Ke2 {[%clk 0:03:33]} 67. Re3+ {[%clk 0:00:32]}  Kf1 {[%clk 0:04:00]} 68. Kh3 {[%clk 0:00:35]}  Qd7 {[%clk 0:03:52]} 69. Ref3 {[%clk 0:00:40]}  Qe6 {[%clk 0:03:41]} 70. Kg4 {[%clk 0:00:38]}  Kg2 {[%clk 0:03:57]} 71. R3f4 {[%clk 0:00:36]}  Qg8+ {[%clk 0:04:04]} 72. Kh4 {[%clk 0:00:43]}  Qd8+ {[%clk 0:04:29]} 73. Rf6 {[%clk 0:01:03]}  Qd7 {[%clk 0:04:00]} 74. h6 {[%clk 0:01:05]}  Kh2 {[%clk 0:04:22]} 75. Kg5 {[%clk 0:01:06]}  Qd5+ {[%clk 0:04:34]} 76. R4f5 {[%clk 0:01:04]}  Qg8+ {[%clk 0:04:27]} 77. Kh5 {[%clk 0:00:54]}  Kh3 {[%clk 0:04:45]} 78. Rf4 {[%clk 0:00:36]}  Qe8+ {[%clk 0:03:39]} 79. Rf7 {[%clk 0:00:45]}  Qe6 {[%clk 0:02:02]} 80. h7 {[%clk 0:00:44]}  Qe5+ {[%clk 0:02:23]} 81. Kg6 {[%clk 0:00:47]}  Qe6+ {[%clk 0:01:46]} 82. Kg7 {[%clk 0:00:41]}  Qe5+ {[%clk 0:02:10]} 83. R4f6 {[%clk 0:00:35]}  Qg5+ {[%clk 0:02:24]} 84. Kf8 {[%clk 0:00:39]}  Qc5+ {[%clk 0:01:41]} 85. Kg8 {[%clk 0:00:34]}  Qg5+ {[%clk 0:01:51]} 86. Rg7 {[%clk 0:00:33]}  Qd5+ {[%clk 0:02:04]} 87. Rff7 {[%clk 0:00:45]}  Qd8+ {[%clk 0:02:23]} 88. Rf8 {[%clk 0:01:01]}  Qd5+ {[%clk 0:02:50]} 89. Kh8 {[%clk 0:00:46]}  Qd6 {[%clk 0:02:53]} 90. Rff7 {[%clk 0:00:39]}  Qd8+ {[%clk 0:02:59]} 91. Rg8 {[%clk 0:00:42]}  Qd4+ {[%clk 0:02:56]} 92. Rfg7 {[%clk 0:00:39]}  Qxf2 {[%clk 0:00:52]} 93. g4 {[%clk 0:00:51]}  Kh4 {[%clk 0:01:03]} 94. g5 {[%clk 0:00:49]}  Qd4 {[%clk 0:00:46]} 95. g6 {[%clk 0:00:36]}  Kh5 {[%clk 0:00:45]} 96. Rf8 {[%clk 0:00:36]}  Kh6 {[%clk 0:01:11]} 97. Rff7 {[%clk 0:00:37]}  Qd8+ {[%clk 0:01:03]} 98. Rg8 {[%clk 0:00:51]}  Qd4+ {[%clk 0:01:28]} 99. Rfg7 {[%clk 0:00:34]}  Qe5 {[%clk 0:01:46]} 0-1

[Event "Weekender - Championship"]
[Site "Enniscrone, Co Slogo, IE"]
[Date "2026.02.01"]
[Round "5"]
[White "O`Connell, Denis"]
[Black "Biswal, Saiansh"]
[Result "0-1"]
[Board "5"]
[WhiteFideId "2505860"]
[BlackFideId "2518155"]
[WhiteElo "1715"]
[BlackElo "1698"]
[WhiteTeam "IRL"]
[BlackTeam "IRL"]
[WhiteClock "1:13:15"]
[BlackClock "1:07:51"]
[Variant "Standard"]

1. d4 {[%clk 1:29:32]}  d5 {[%clk 1:30:57]} 2. Nc3 {[%clk 1:29:26]}  c5 {[%clk 1:31:14]} 3. Bf4 {[%clk 1:28:18]}  Nc6 {[%clk 1:31:38]} 4. e3 {[%clk 1:28:16]}  a6 {[%clk 1:31:26]} 5. Nf3 {[%clk 1:25:54]}  Nf6 {[%clk 1:31:05]} 6. Ne5 {[%clk 1:26:05]}  Bf5 {[%clk 1:30:56]} 7. Bd3 {[%clk 1:19:57]}  Bxd3 {[%clk 1:30:13]} 8. Qxd3 {[%clk 1:19:17]}  c4 {[%clk 1:29:35]} 9. Qe2 {[%clk 1:18:42]}  e6 {[%clk 1:29:39]} 10. O-O {[%clk 1:18:25]}  Bd6 {[%clk 1:29:14]} 11. Nxc6 {[%clk 1:18:40]}  bxc6 {[%clk 1:29:38]} 12. Bxd6 {[%clk 1:18:55]}  Qxd6 {[%clk 1:29:25]} 13. e4 {[%clk 1:18:40]}  Qb4 {[%clk 1:29:12]} 14. Rab1 {[%clk 1:16:18]}  O-O {[%clk 1:29:05]} 15. e5 {[%clk 1:16:23]}  Nd7 {[%clk 1:28:29]} 16. a3 {[%clk 1:16:11]}  Qe7 {[%clk 1:24:44]} 17. f4 {[%clk 1:15:26]}  c5 {[%clk 1:19:48]} 18. Qe3 {[%clk 1:14:13]}  Rab8 {[%clk 1:11:18]} 19. Na4 {[%clk 1:13:10]}  Rfc8 {[%clk 1:10:03]} 20. f5 {[%clk 1:13:16]}  cxd4 {[%clk 1:07:26]} 21. Qxd4 {[%clk 1:13:21]}  exf5 {[%clk 1:07:38]} 22. Rf2 {[%clk 1:12:49]}  f4 {[%clk 1:07:38]} 23. Rxf4 {[%clk 1:13:18]}  Nc5 {[%clk 1:07:51]} 24. Rf5 {[%clk 1:13:15]} 0-1

[Event "Weekender - Championship"]
[Site "Enniscrone, Co Slogo, IE"]
[Date "2026.02.01"]
[Round "5"]
[White "Crowe, John"]
[Black "Moore, Samuel"]
[Result "1/2-1/2"]
[Board "7"]
[WhiteFideId "2529513"]
[BlackFideId "2507110"]
[WhiteElo "1670"]
[BlackElo "1695"]
[WhiteTeam "IRL"]
[BlackTeam "IRL"]
[WhiteClock "1:15:48"]
[BlackClock "0:34:09"]
[Variant "Standard"]

1. d4 {[%clk 1:30:57]}  Nf6 {[%clk 1:30:48]} 2. c4 {[%clk 1:31:21]}  e6 {[%clk 1:31:04]} 3. Nc3 {[%clk 1:31:40]}  Bb4 {[%clk 1:30:52]} 4. Nf3 {[%clk 1:31:17]}  d5 {[%clk 1:29:36]} 5. Bg5 {[%clk 1:31:19]}  Nbd7 {[%clk 1:24:28]} 6. e3 {[%clk 1:30:09]}  O-O {[%clk 1:23:00]} 7. Bd3 {[%clk 1:29:49]}  h6 {[%clk 1:18:43]} 8. Bf4 {[%clk 1:28:59]}  c5 {[%clk 1:17:51]} 9. Qc2 {[%clk 1:26:02]}  cxd4 {[%clk 1:15:14]} 10. exd4 {[%clk 1:26:05]}  dxc4 {[%clk 1:13:52]} 11. Bxc4 {[%clk 1:26:18]}  Nb6 {[%clk 1:13:15]} 12. Bb3 {[%clk 1:25:21]}  Nbd5 {[%clk 1:11:20]} 13. Be5 {[%clk 1:25:24]}  Qa5 {[%clk 1:04:47]} 14. Rc1 {[%clk 1:24:50]}  Bd7 {[%clk 1:03:29]} 15. O-O {[%clk 1:23:04]}  Rfc8 {[%clk 1:01:12]} 16. Bxf6 {[%clk 1:22:31]}  Nxf6 {[%clk 1:00:49]} 17. Qd2 {[%clk 1:21:39]}  Ne4 {[%clk 0:56:52]} 18. Qf4 {[%clk 1:21:48]}  Nxc3 {[%clk 0:55:05]} 19. bxc3 {[%clk 1:21:21]}  Rxc3 {[%clk 0:52:54]} 20. Ne5 {[%clk 1:21:21]}  Be8 {[%clk 0:50:20]} 21. Qe4 {[%clk 1:20:53]}  Bc6 {[%clk 0:45:06]} 22. Nxc6 {[%clk 1:20:55]}  Rxc6 {[%clk 0:42:28]} 23. Rxc6 {[%clk 1:21:08]}  bxc6 {[%clk 0:42:48]} 24. Qxc6 {[%clk 1:21:09]}  Rd8 {[%clk 0:41:07]} 25. Rd1 {[%clk 1:21:24]}  Qb6 {[%clk 0:39:07]} 26. Qe4 {[%clk 1:17:20]}  Bf8 {[%clk 0:37:05]} 27. d5 {[%clk 1:15:50]}  exd5 {[%clk 0:35:01]} 28. Rxd5 {[%clk 1:15:53]}  Rxd5 {[%clk 0:34:09]} 29. Qxd5 {[%clk 1:15:48]} 1/2-1/2